000 00499nam a22001697a 4500
003 OSt
005 20260318163507.0
008 260318b |||||||| |||| 00| 0 Pun d
020 _a9788119838189
040 _cBGL
100 _aਜਿੰਦਰ
245 _aਵਾਰਿਸ ਸਭ ਦੁਨੀਆਂ ਦਗ਼ੇਬਾਜ਼ ਹੈ ਜੀ ( ਜੱਗ ਬੀਤੀ ਹੱਡ ਬੀਤੀ )
260 _aDelhi
_bNavyog Publishers
_c2025
300 _a151p
650 _aPunjabi
942 _2ddc
_cGB
999 _c44310
_d44310